| 000 | 00407nam a2200121Ia 4500 | ||
|---|---|---|---|
| 008 | 220615s9999||||xx |||||||||||||| ||und|| | ||
| 100 | _aRasheed Olaniyi | ||
| 245 | 0 | _aCommunity Vigilantes in Metropolitan Kano 1985-2005 | |
| 546 | _aEnglish[eng] | ||
| 650 | _apolice||Kano||délinquance||Nigeria||gated community||violence||criminalité | ||
| 856 | _uhttp://books.openedition.org/ifra/727 | ||
| 942 | _cEB | ||
| 999 |
_c18484 _d18484 |
||